000 00752pam a2200205 a 4500
001 4834030
005 20250716152810.0
008 901031s1991 enk b 001 0 eng
020 _a0802836836
020 _a9780802836830
050 0 0 _aBS2615.3
_b.C357 1991
082 0 0 _a226.5/07
_220
100 1 _aCarson, D. A.
245 1 4 _aThe Gospel according to John /
_cD.A. Carson.
260 _aLeicester, England :
_bInter-Varsity Press ;
_aGrand Rapids, Mich. :
_bW.B. Eerdmans,
_c1991.
300 _a715 p. ;
_c24 cm.
856 4 2 _3Contributor biographical information
_uhttp://www.loc.gov/catdir/enhancements/fy1606/90023382-b.html
856 4 2 _3Publisher description
_uhttp://www.loc.gov/catdir/enhancements/fy1606/90023382-d.html
942 _2lcc
_cBK
_n0
999 _c6998
_d6998